| 000 | 01670nam a22004097a 4500 | ||
|---|---|---|---|
| 003 | CHAP | ||
| 005 | 20220329133008.0 | ||
| 008 | 971013s1952 r 00010 d | ||
| 010 | _a1065 | ||
| 011 | _a2037 | ||
| 035 | _a1224 | ||
| 040 | _cCHAP | ||
| 082 | 0 | 4 |
_a551.5 _bH47 |
| 100 | 0 | 0 |
_aHernández Robredo, Leopoldo. _954537 |
| 245 | 1 | _aMeteorología, física y climatología agrícolas | |
| 260 |
_aBarcelona : _bSalvat, _c1952 |
||
| 300 | _a370 p. ilus. | ||
| 590 |
_aBATCH-UPD _b10 _c20130110 _lUCH01 _h1350 |
||
| 590 |
_aBATCH-UPD _b10 _c20130410 _lUCH01 _h0847 |
||
| 590 |
_aBATCH-UPD _b10 _c20130914 _lUCH01 _h0949 |
||
| 590 |
_aCONVERSION _b10 _c20130109 _lUCH01 _h1302 |
||
| 650 | 1 | 4 |
_aClimatología. _923864 |
| 650 | 1 | 4 |
_aMeteorología agrícola. _975217 |
| 901 | _aBK | ||
| 942 | _cLIBRO | ||
| 949 |
_a551.5 H47 _bBC _cLIBRO _d33724000766374 _eLIBRO _fc.2 _h64286 _i1224 _si |
||
| 949 |
_a551.5 H47 _bBC _cLIBRO _d33724000768578 _eLIBRO _fc.9 _h114978 _i1224 _si |
||
| 949 |
_a551.5 H47 _bBC _cLIBRO _d33724000928594 _eLIBRO _fc.13 _h7779 _i1224 _si |
||
| 949 |
_a551.5 H47 _bBC _cLIBRO _d33724000959318 _eLIBRO _h7771 _i1224 _si |
||
| 949 |
_a551.5 H47 _bBC _cLIBRO _d33724000959375 _eLIBRO _fc.5 _h26480 _i1224 _si |
||
| 949 |
_a551.5 H47 _bBC _cLIBRO _d33724000959433 _eLIBRO _fc.6 _h7774 _i1224 _si |
||
| 949 |
_a551.5 H47 _bBC _cLIBRO _d33724000959490 _eLIBRO _fc.10 _h7777 _i1224 _si |
||
| 949 |
_a551.5 H47 _bBC _cLIBRO _d33724000959557 _eLIBRO _fc.11 _i1224 _si |
||
| 949 |
_a551.5 H47 _bBC _cLIBRO _d33724002136454 _eLIBRO _fc.8 _h7776 _i1224 _si |
||
| 949 |
_a551.5 H47 _bBC _cLIBRO _d33724002210595 _eLIBRO _fc.3 _h5475 _i1224 _si |
||
| 949 |
_a551.5 H47 _bBC _cLIBRO _d33724002259082 _eLIBRO _fc.7 _h7775 _i1224 _si |
||
| 999 |
_c1065 _d1065 |
||